000 00620nam a2200205Ia 4500
003 GCL
008 140319s9999 xx 000 0 ara d
040 _aGCL /
_cGCL
082 0 4 _aق
_b962.25
_bح ا
100 1 _aحنا فهمى ويصا
245 1 0 _aاسيوط: حدوتة عائلة مصرية /
_cحنا فهمى ويصا
300 _a471 ص
490 _aالهيئة العامة للاستعلامات
_v0
650 0 4 _aالعصر الحديث
650 0 4 _aالثورات
650 0 4 _aمصر - تاريخ
650 0 4 _aاسيوط - تاريخ
650 0 4 _aحنا فهمى ويصا
942 _2ddc
_cBK
999 _c49232
_d49232